| 000 | 00770nam a22002057a 4500 | ||
|---|---|---|---|
| 999 |
_c16878 _d16878 |
||
| 003 | AR-CdUCM | ||
| 008 | 190506b ||||| |||| 00| 0 spa d | ||
| 040 |
_aMUNICIPALIDAD PROVINCIAL DEL CUSCO _cBIBLIOTECA MUNICIPAL DEL CUSCO |
||
| 082 |
_22ed. _a575.1 / _bL81 |
||
| 100 |
_aLoma, José Luis de la _930894 |
||
| 245 | _aGenética general y aplicada / | ||
| 260 |
_aBarcelona : _bHispano-Americana, _c1954. |
||
| 300 |
_a733 paginas ; _c22 cm. |
||
| 505 | _aContenido :Fines e historia - Naturaleza y causas de la variación - Las mutaciones - Métodos genéticos - Genética vegetal - Genética animal / | ||
| 650 |
_aGenetica _95063 |
||
| 650 |
_aGenética animal _936600 |
||
| 650 |
_aGenética vegetal _936601 |
||
| 942 |
_2ddc _cLIBROS |
||
| 945 |
_arjall _d2019-05-06 |
||